Рассказы о Пушкине: сборник художественных произведений; Родители поэта; Неожиданная встреча; Отъезд в Петербург; Поступление в Лицей; ...приходили рифмы; Экзамен в Лицее; "Арзамас"; Прощай, Лицей!; Мужая в борьбе; На Юг России; Дома; С высоты птичьего полета; Сказки; Открытие Лицея; Часок в Захарове; Пушкин на юге; Пушкин в Михайловском;Последний год; Друзья; "Я помню чудное мгновенье"; Трудясь над "Борисом Годуновым"; Энциклопедия русской жизни; "Exegi monumentum"; Я душу твою люблю

Podrobná bibliografie
Další autoři: Логвиненко В. Я. (составитель), Логвиненко А. И.
Jazyk:ruština
Vydáno: Киев, Радянська школа, 1986
TOC:Ю. Н. Тынянов, Родители поэта; Неожиданная встреча; Отъезд в Петербург; Поступление в Лицей; ...приходили рифмы; Экзамен в Лицее; "Арзамас"; Прощай, Лицей!; Мужая в борьбе; На Юг России;
В. В. Вересаев, Дома;
И. Воробьев, С высоты птичьего полета;
А. Слонимский, Сказки;
Б. Шатилов, Открытие Лицея;
А. Новиков, Часок в Захарове; Пушкин на юге; Пушкин в Михайловском;Последний год;
Ю. К. Олеша, Друзья;
А. Гессен, "Я помню чудное мгновенье"; Трудясь над "Борисом Годуновым"; Энциклопедия русской жизни; "Exegi monumentum";
А. Кузнецова, Я душу твою люблю;
Témata:
Médium: MixedMaterials Kniha
KOHA link:https://koha.lib.tpu.ru/cgi-bin/koha/opac-detail.pl?biblionumber=342961

MARC

LEADER 00000nam0a2200000 4500
001 342961
005 20240914063127.0
035 |a (RuTPU)RU\TPU\book\372503 
090 |a 342961 
100 |a 20190522d1986 m y0rusy50 ca 
101 0 |a rus 
102 |a RU 
105 |a c z 001ab 
200 1 |a Рассказы о Пушкине: сборник художественных произведений  |f сост. В. Я. Логвиненко, А. И. Логвиненко 
210 |a Киев  |c Радянська школа  |d 1986 
215 |a 368 с.  |c портр. 
320 |a Вступительная статья: с. 5-15 
464 |t Родители поэта; Неожиданная встреча; Отъезд в Петербург; Поступление в Лицей; ...приходили рифмы; Экзамен в Лицее; "Арзамас"; Прощай, Лицей!; Мужая в борьбе; На Юг России  |o главы из романа "Пушкин"  |f Ю. Н. Тынянов 
464 |t Дома  |f В. В. Вересаев 
464 |t С высоты птичьего полета  |f И. Воробьев 
464 |t Сказки  |f А. Слонимский 
464 |t Открытие Лицея  |f Б. Шатилов 
464 |t Часок в Захарове; Пушкин на юге; Пушкин в Михайловском;Последний год  |f А. Новиков 
464 |t Друзья  |f Ю. К. Олеша 
464 |t "Я помню чудное мгновенье"; Трудясь над "Борисом Годуновым"; Энциклопедия русской жизни; "Exegi monumentum"  |f А. Гессен 
464 |t Я душу твою люблю  |f А. Кузнецова 
600 1 |a Пушкин  |b А. С.  |c российский поэт  |c писатель  |f 1799-1837  |g Александр Сергеевич  |7 ca  |8 rus  |2 stltpush  |3 (RuTPU)RU\TPU\pers\1026  |9 453 
606 1 |a Русская литература, дореволюционная  |x История и критика  |2 stltpush  |3 (RuTPU)RU\TPU\subj\26372  |9 50315 
610 1 |a художественная литература 
610 1 |a русская литература 
610 1 |a рассказы 
675 |a 8Р1(09)  |v 4 
702 1 |a Логвиненко  |b В. Я.  |4 220 
702 1 |a Логвиненко  |b А. И.  |4 220 
801 1 |a RU  |b 63413507  |c 20190522 
801 2 |a RU  |b 63413507  |c 20201210  |g RCR 
942 |c BK